Ponto trancado com lã de Arraiolos (Registo nº 1545)

Detalhes MARC
000 -Etiqueta do registo
Cabeçalho 00670nam0a2200241 4500
005 - Identificador da versão
Campo de controlo 20240813121839.0
010 ## - Número internacional normalizado dos livros (ISBN)
Número (ISBN) 9729584176
021 ## - Número do Depósito Legal
Código do país PT
Número 185702/02
100 ## - Dados gerais de processamento
Dados gerais de processamento 20150907d2002 m y0pory5003 ba
102 ## - Pais de publicação ou produção
País de publicação Portugal
101 1# - Língua de publicação
Língua do texto, banda sonora, etc. Português
Língua do documento no original Inglês
215 ## - Descrição física 
Indicação específica da natureza do documento e extensão da espécie 96 p.
Outras indicações físicas il
200 1# - Titulo e menção de responsabilidade
Título próprio Ponto trancado com lã de Arraiolos
Primeira menção de responsabilidade Gudrun Robinson
210 ## - Publicação, Distribuição, etc. 
Lugar da edição, distribuição, etc. S. Brás de Alportel
Nome do editor, distribuidor, etc. Gudrun Robinson
Data da publicação, distribuição, etc. D.L. 2002
306 ## - Notas relativas a publicação, distribuição, etc. 
Texto da nota Edição do autor
606 ## - Nome comum usado como assunto
Número de registo de entrada de autoridade 0002495
Palavra de ordem Tapeçarias
Subdivisão de assunto Ponto trancado
Código do sistema CA
675 ## - Classificação Decimal Universal (CDU)
Notação 746
Edição 3ª ed.
Língua da edição por
700 #1 - Nome de autor-pessoa física (responsabilidade principal)
Número de registo de entrada de autoridade 0002493
Palavra de ordem Robinson
Outra parte do nome não tomada para palavra de ordem Gudrun
966 ## - Identificação da Biblioteca
Sigla EB2,3ENM
942 ## - Elementos de entrada adicionados (Koha)
Tipo de item no Koha Livro
Exemplares
Situação do levantamento Origin of item (home branch) (coded) Biblioteca de empréstimo Código de barras Cota Circulation type (not for loan) Tipo de documento Nota do exemplar Damaged status
  Biblioteca Escolar Eng. Nuno Mergulhão Biblioteca Escolar Eng. Nuno Mergulhão BENM3669 74 ROB   Livro Sem mensagem